| 000 | 00397nam a22001697a 4500 | ||
|---|---|---|---|
| 003 | OSt | ||
| 005 | 20211125144431.0 | ||
| 008 | 211125b |||||||| |||| 00| 0 eng d | ||
| 020 | _a0538877960 | ||
| 040 | _cHU | ||
| 082 | _a6570285.574 | ||
| 100 |
_aHall.James.A _920567 |
||
| 245 | _aACCOUNTING INFORMATION SYSTEMS | ||
| 260 |
_aAMERICA _bI T P _c0995 |
||
| 300 | _a797 | ||
| 942 |
_2ddc _cBOOKS _n0 |
||
| 999 |
_c20178 _d20178 |
||